| 000 | 00828nam a22002177a 4500 | ||
|---|---|---|---|
| 003 | 0 | ||
| 005 | 20250109093824.0 | ||
| 008 | 250108b xxu||||| |||| 00| 0 eng d | ||
| 050 |
_aBV 4596 _b.T73 2024 |
||
| 100 | _aTran, Phan Van | ||
| 245 |
_aCoping strategies and spiritual dryness as correlates to spiritual development among young adult seminarians _cPhan Van Tran |
||
| 260 |
_aLas Piñas City _bSouthville International School and Colleges _c2024 |
||
| 300 |
_aix, 283 pages ; _c28cm. |
||
| 504 | _aIncludes bibliographical references and index. | ||
| 650 | _aSpirituality—Christianity. | ||
| 650 | _aSeminarians—Religious life | ||
| 650 | _aCoping behavior—Religious aspects—Christianity. | ||
| 650 | _aYoung adults—Religious life. | ||
| 650 | _aSpiritual formation—Christianity. | ||
| 942 |
_2lcc _cTH |
||
| 999 |
_c366932 _d366932 |
||